| 000 | 01542nab a22002777a 4500 | ||
|---|---|---|---|
| 999 |
_c5379 _d5379 |
||
| 003 | OSt | ||
| 005 | 20250306130810.0 | ||
| 008 | 190603e xxum|||| |||| 00| 0 spa d | ||
| 040 | _cPJ | ||
| 100 |
_96408 _aAmormino, Felipe Juan |
||
| 245 | 1 | 0 |
_aPanorama del régimen patrimonial matrimonial en derecho internacional privado y el enorme impacto de su parte general. La ultraactividad de las normas de conflicto, de las leyes 2393 y 23.515 / _cFelipe Juan Amormino. |
| 260 |
_cCiudad Autónoma de Buenos Aires : _aThomson Reuters La Ley, _b2024. |
||
| 300 | _ap. 5-24 | ||
| 500 | _aCita Online: TR LALEY AR/DOC/1727/2024. | ||
| 505 | _aSumario: I. Introducción.— II. Regímenes posibles en el derecho internacional privado comparado.— III. Fuentes del derecho internacional privado patrimonial matrimonial en el derecho argentino.— IV. Tratados de Montevideo.— V. Fuente interna.— VI. Impacto de la parte general del derecho internacional privado.— VII. Conclusiones. | ||
| 505 | _t¿Te interesa el texto completo? Solicitalo al correo: koha@justierradelfuego.gov.ar | ||
| 650 | 0 |
_9327 _aDERECHO INTERNACIONAL PRIVADO |
|
| 650 | 0 |
_9723 _aREGIMEN PATRIMONIAL DEL MATRIMONIO |
|
| 650 | 0 |
_9962 _aMATRIMONIO |
|
| 650 | 0 |
_91497 _aCODIGO CIVIL Y COMERCIAL |
|
| 650 | 0 |
_9716 _aORDEN PUBLICO |
|
| 653 | _aFORMA DEL CONTRATO | ||
| 653 | _aFORMA ESCRITA | ||
| 773 | 0 |
_02713 _93170 _dCiudad Autónoma de Buenos Aires : Thomson Reuters La Ley, 2015- _tRevista Código Civil y Comercial. Nº 4 - Agosto 2024 |
|
| 942 |
_2udc _cANA |
||